1189 1222 1529 1241 1197 1425 1512 1575 1087 1882 1634 1077 1067 1684 1482 1825 1193 1143 1874 1479 1240 1421 1823 1926 1049 1892 1255 1169 1422 1701 1915 1575 1573 1830 1103 1517 1213 1095 1935 1948 1827 1668 1808 1403 1691 1133 1630 1714 1426 1649 1853 1873 1103 1103 1989 1021 1890 1897 1527 1928 1404 1823 1770 1237 1079 1725 1051 1999 1565 1192 1152 1368 1904 1740 1564 1648 1729 1002 1007 1695 1126 1019 1017 1332 1120 1136 1739 1314 1769 1073 1722 1301 1193 1950 1544 1287 1063 1848 1324 BCNSPRNW ULIB Ver.6.0+V

เปลี่ยนเป็นภาษาไทย

Change to English
 แสดงรายละเอียดบรรณานุกรม
  กลับหน้าหลัก

Brief Record : Get Marc (ISO 2709) : E-mail record : QR code < ปิดหน้าต่าง
LEADER : 00000nam 2200000uu 4500
001    13399112539
003     ULIB
008    110823s2552||||th 000 0 tha d
020    9786167024158
090    นว.^bน471M 2552
100 0  นามาเอะ
245 00 My Sweet Heart ป่วนหัวใจนายกะล่อน/^cนามาเอะ
250    พิมพ์ครั้งที่ 1
260    กรุงเทพฯ :^bแฮปปี้บุ๊คส์,^c2552
300    192 หน้า
710 1  แฮปปี้บุ๊คส์
945    ^p160^l0^i16291
995    กัณชพร
999    ^aใช้งานได้ทุกระบบ
รายการนี้ยังไม่มีแท็ก
คุณยังไม่ได้ล็อกอิน คุณสามารถมีกิจกรรมร่วมกับเว็บไซต์ได้ แต่ต้องล็อกอินก่อน ::
  ล็อกอิน

รายการสื่อสารสนเทศ

ลำดับที่ ประเภท เลขเรียก/บาร์โค้ด สถานที่ สถานะ
1. นวนิยาย
นวนิยาย
นว. น471M 2552  
  Barcode: 16291
ห้องสมุดวิทยาเขตสวรรค์ประชารักษ์
►นวนิยาย
บนชั้น
  ขอยืม

BibComment


ยังไม่เคยถูกคอมเมนท์

คอมเมนท์ทรัพยากรรายการนี้
  คอมเมนท์: My Sweet Heart ป่..


 Copyright 2026. Bcnsprnw @Library